[Event "BL2 West 1718 (Women)"]
[Site "Germany"]
[Date "2018.01.28"]
[Round "5.5"]
[White "Meier, Alice"]
[Black "Seidemann, Ulricke"]
[Result "1-0"]
[WhiteElo "1927"]
[BlackElo "2067"]
[PlyCount "53"]
[EventDate "2017.10.14"]
[EventType "team-tourn"]
[EventRounds "7"]
[EventCountry "GER"]
[SourceTitle "EXT 2019"]
[Source "ChessBase"]
[SourceDate "2018.10.10"]
[SourceVersion "1"]
[SourceVersionDate "2018.10.10"]
[SourceQuality "1"]
[WhiteTeam "Hamburger SK (W) II"]
[BlackTeam "Heiden (W)"]
[WhiteTeamCountry "GER"]
[BlackTeamCountry "GER"]

1. e4 c5 2. Nf3 d6 3. c3 Nf6 4. Be2 Nc6 5. Qc2 e5 6. 0-0 d5 7. exd5 Qxd5 8. Na3 a6 9. Bc4 Qd7 10. Ng5 Nd8 11. Re1 Qc7 12. d4 h6 13. Rxe5+ Be7 14. Nxf7 Nxf7 15. Qg6 Kd8 16. Qxf7 Bd6 17. Qxc7+ Kxc7 18. Re2 Bf5 19. dxc5 Bxc5 20. Bf4+ Kc6 21. b4 b5 22. Bb3 Bd6 23. Bxd6 Kxd6 24. c4 bxc4 25. Nxc4+ Kc6 26. Rc1 Rhe8 27. Ba4+ 1-0